Esta ciudad___ que no es nuestra /

Obra que rememora anécdotas de la vida cotidiana, de las prácticas culturales y de los espacios públicos y privados de la ciudad de México posteriores a los años sesenta.

保存先:
書誌詳細
第一著者: Aguilar Montes de Oca, Mercedes (autor)
フォーマット: 図書
言語:スペイン語
出版事項: México : CONACULTA, 2002, c2002
シリーズ:(Periodismo Cultural)
主題:
タグ: タグ追加
タグなし, このレコードへの初めてのタグを付けませんか!

MARC

LEADER 00000nam^a2200000^a^4500
001 000301277
005 20250521000000.0
009 20260310112539.337
020 |a 970-18-8194-X 
037 |a Acervo ITESO - Biblioteca 
041 |a ESP 
082 |a 306. 40972532  |b AGU 
100 |a Aguilar Montes de Oca, Mercedes  |e (autor) 
245 1 0 |a Esta ciudad___ que no es nuestra /  |c M. Aguilar Montes de Oca. 
264 4 |a México :  |b CONACULTA,  |c 2002, c2002 
336 |a texto  |b txt  |2 rdacontenido 
337 |a sin mediación  |b n  |2 rdamedio 
338 |a volumen  |b nc  |2 rdasoporte 
440 1 |a (Periodismo Cultural) 
520 |a Obra que rememora anécdotas de la vida cotidiana, de las prácticas culturales y de los espacios públicos y privados de la ciudad de México posteriores a los años sesenta. 
649 |a XX 
650 |a Artículos Periodísticos Mexicanos 
650 |a Periodismo Cultural -  |z México 
650 |a Prácticas Culturales -  |z México (Ciudad) -  |x Tema Principal 
650 |a Cultura Popular -  |z México (Ciudad) 
650 |a Espacios Sociales -  |z México (Ciudad) 
650 |a Sociología de la Cultura 
650 |a México (Ciudad) -  |x Historia -  |y 1946-2000 
650 |a México (Ciudad) -  |x Historia -  |y Siglo XX 
910 |a Fondo General 
920 |a Impresos - Libros 
930 |a Colección General 
905 |a 101 
901 |a 0500187228  |b IT1  |c ACC  |i C122054  |u 20250521 
902 |a https://opac.biblio.iteso.mx/vufind/Record/000301277